=LDR 00000nam 2200000 4500 =001 NUTBA000000000003104 =005 20240130010624 =035 ##$$a 0010-071400000000292 =008 240130###########################0###### =020 ##$$a 978-979-29-0641-7 =040 ##$$a NBPDMAT =082 ##$$a 510 =090 ##$$a 510 $b Sri m =100 ##$$a Sriyono =245 1#$$a Matematika ekonomi dan keuangan /$c D. Sriyono =250 ##$$a Cet. 1 =260 ##$$a Yogyakarta :$b Andi,$c 2009 =300 ##$$a 275 hlm. ; $c 28 cm. =650 #4$$a Matematika =084 ##$$a 510 SRI m =990 ##$$a 21404542 =990 ##$$a 21404543 =990 ##$$a 21404544 =990 ##$$a 21404545 =990 ##$$a 21404546